00475 2200181 4500001002100000005001500021008004100036020002200077035001900099041000700118082000800125090001400133100001700147245005500164260003000219300003300249650001100282INLIS00000000002627720241224132120241224||||||||| | ||| |||| || |  a978-979-794-391-2 0010-1224026277 aid0 a006 a006 AGU a0 aAgus Wahadyo00aAndroid 4 untuk pengguna pemula tablet & handphone aJakartabMEDIA KITAc2013 avii, 152 hlm : ilus. ; 21 cm 0agadget